Click Writer by Composition - Statistics

General Stats
  • This quiz has been taken 135 times
  • The average score is 20 of 25
Answer Stats
Hint Answer % Correct
Hamlet William Shakespeare
97%
Romeo and Juliet William Shakespeare
95%
Pride and Prejudice Jane Austen
90%
Oliver Twist Charles Dickens
88%
Sense and Sensibility Jane Austen
88%
A Midsummer Night's Dream William Shakespeare
88%
A Christmas Carol Charles Dickens
86%
Emma Jane Austen
86%
Charlie and the Chocolate Factory Roald Dahl
86%
Matilda Roald Dahl
86%
The BFG Roald Dahl
85%
The Tale of Two Cities Charles Dickens
84%
Great Expectations Charles Dickens
83%
James and the Giant Peach Roald Dahl
83%
Hansel and Gretel Brothers Grimm
81%
The Little Mermaid Hans Christian Andersen
81%
David Copperfield Charles Dickens
80%
As You Like It William Shakespeare
78%
Red Riding Hood Brothers Grimm
74%
Northanger Abbey Jane Austen
73%
The Ugly Duckling Hans Christian Andersen
69%
Cinderella Brothers Grimm
67%
Snow White Brothers Grimm
66%
The Snow Queen Hans Christian Andersen
65%
Rumplestiltskin Brothers Grimm
62%
No matching quizzes found
Score Distribution
Percent of People with Each Score
Percentile by Number Answered
Your Score History
You have not taken this quiz